000 00803nam a2200241 i 4500
001 108486
003 ES-MaACL
005 20230906184641.0
007 t|
008 061121s1980 sp af |||| | spa d
080 _a860(8.03).09"16"(084.12)
100 1 _aMontes, Hugo.
_982554
245 1 0 _aProsa y poesía del Barroco /
_cHugo Montes.
260 _aMadrid :
_bLa Muralla,
_c1980.
300 _a38 p. ;
_c23 cm +
_e60 diapositivas.
490 1 _aLiteratura hispanoamericana en imágenes ;
_v4
504 _aBibliografía : p. 37-38.
650 4 _aLiteratura hispanoamericana-
_yHasta S.XVIII-
_xHistoria y crítica.
_9146678
650 4 _aDiapositivas.
_9163225
830 0 _aLiteratura hispanoamericana en imágenes ;
_v4
_9185564
852 _aES-MaACL
_jC-20483
999 _c108486
_d108486